000 00923cam a2200277 i 4500
001 3655
003 CO-MdBIC
005 20231123104257.0
008 231123t1976 ne ||g |||| 00| 0 eng d
020 _a90-6203-259-1
040 _beng.
_aCO-MdFUSB
_cCO-MdFUSB
_dCO-MdFUSBC
_erda
041 _aeng
082 0 4 _aG 230.4 C838t
100 1 _aCostas, Orlando E. (1941-1987)
245 1 0 _aTheology of the crossroads in contemporary Latin America : Misiology in mainline protestantism : 1969-1974 / O.E. Costas
_c/
264 _aAmsterdam :
_bRodopi,
_c[1976]
264 _c©1976
300 _axiv, 413 Pag
_c;
336 _atexto
_btxt
_2rdacontent
337 _2rdamedia
_asin mediación
_bn
338 _2rdacarrier
_avolumen
_bnc
650 1 4 _aIGLESIAS PROTESTANTES - AMERICA LATINA \ MISIONES - TEORIA
653 _aIGLESIAS PROTESTANTES - AMERICA LATINA \ MISIONES - TEORIA
942 _cBK
945 _aDiego1276
999 _c34300
_d34300